00800nam a2200229 i 450000100060000000300090000600500170001500700030003200800410003502000180007608000190009410000420011324500830015525000120023826000350025030000300028550000140031565100800032985200220040999900170043195201220044877903ES-MaACL20231218201511.0t|041115s1983 sp a ||||1|aspa d a84-320-3641-2 a946.0"1931/39"1 aFormica, Mercedes,d1913-2002915540310aVisto y vivido, 1931-1937 b: pequeña historia de ayer / cMercedes Formica. a2ª ed. aBarcelona : bPlaneta, c1983. a260 p. : bil. ; c20 cm. aÍndice. 4aEspaña-xHistoria-y1931-1939, II República-vRelatos personales.98290 aES-MaACLjE-10374 c77903d77903 00104070aATENEOMbATENEOMcDEPO2d2008-01-17eSCl0oE-10374p1081499r2023-02-23 00:00:00w2023-02-23yMONOGRAFIA